Páratlan napokon
Elmentve itt :
| Szerző: | |
|---|---|
| Adatforrás: | Meister |
| Forrásdokumentuma: | A Hét. - 30-31 sz., 1994, 16 p. |
| Nyelv: | magyar |
| Kulcsszavak: | politikai publicisztika politikai intézmények magyarok (kárpátaljai) kárpátaljai magyarok l: magyarok (kárpátaljai) Kárpátalja FODÓ Sándor Kárpátaljai Magyar Kulturális Szövetség (KMKSZ) |
| LEADER | 00597nab a2200193 i 4500 | ||
|---|---|---|---|
| 001 | bibPRO00005661 | ||
| 008 | 060524s1994 xx hun | ||
| 040 | |a Sz1 | ||
| 041 | |a hun | ||
| 100 | 1 | |a BALLA D. Károly | |
| 245 | 1 | 0 | |a Páratlan napokon |c BALLA D. Károly |
| 695 | |a politikai publicisztika | ||
| 695 | |a politikai intézmények | ||
| 695 | |a magyarok (kárpátaljai) | ||
| 695 | |a kárpátaljai magyarok l: magyarok (kárpátaljai) | ||
| 695 | |a Kárpátalja | ||
| 695 | |a FODÓ Sándor | ||
| 695 | |a Kárpátaljai Magyar Kulturális Szövetség (KMKSZ) | ||
| 773 | 0 | |t A Hét. - |g 30-31 sz., 1994, 16 p. | |